00466nam a2200193 a 4500001001300000003000900013005001700022008004100039020001000080082001300090100002000103245002900123260003700152300000800189500003500197505001000232650001000242700002000252nice12345678IN_TiNIC20260116011644.0050524s1949 beia grp 000 0 ara  ac10000a245bTHA aThahabiyah, M A aAl-Anashid at Thahabiyah aBeirutbAmeer Kaniya Pressc1949 a47p aincludes index and biblioraphy2 aIndex aHymns1 aThahabiyah, M A